000 00405cam a22001331 4500
082 _a355.00942
_bMAP
_cD
100 1 _aMillin, Sarah Gertrude Liebson,
_949237
245 0 0 _aGeneral Smuts,
_cby Sarah Gertrude Millin.
260 _aBoston,
_bLittle, Brown, and company,
_c1936-
300 _av.
_bfront., ports.
_c23 cm.
526 _a0
_b0
_c0
_d355_009420000000000_MAP
650 _aMCE
_9379
942 _2ddc
_cBK
999 _c552047
_d552047